000 00247nam a2200109Ia 4500
008 220204s9999 xx 000 0 und d
082 _a82-3
_bBAR
100 _aBarclay, George
245 0 _aAngels 22
260 _aLondon
_bArrow
_c1977
942 _cBK
999 _c33995
_d33995